[Event "CAN-ch U18"]
[Site "Vancouver"]
[Date "2012.07.05"]
[Round "5"]
[White "Venables, Darren"]
[Black "Zheng, Timothy"]
[Result "1-0"]
[WhiteElo "1191"]
[BlackElo "1431"]
[PlyCount "63"]
[EventDate "2012.07.03"]
[EventType "tourn"]
[EventRounds "7"]
[EventCountry "CAN"]
[SourceTitle "EXT 2022"]
[Source "ChessBase"]
[SourceDate "2021.10.06"]
[SourceVersion "1"]
[SourceVersionDate "2021.10.06"]
[SourceQuality "1"]

1. e4 c5 2. c3 Nc6 3. d4 cxd4 4. cxd4 d5 5. exd5 Qxd5 6. Nf3 Bf5 7. Nc3 Qd7 8. Bd3 Nb4 9. Bxf5 Qxf5 10. Qa4+ Nc6 11. d5 b5 12. Qxb5 Qc8 13. Qxc6+ Qxc6 14. dxc6 Rc8 15. Be3 Nf6 16. Bxa7 Rxc6 17. 0-0 e6 18. Rfb1 Bb4 19. a3 Bxc3 20. bxc3 0-0 21. Bd4 Ne4 22. a4 Re8 23. a5 e5 24. Nxe5 Ra6 25. Rb7 f6 26. Ng4 h5 27. f3 hxg4 28. fxe4 Rxe4 29. Rb6 Ra8 30. a6 Kh7 31. a7 Ree8 32. Rb7 1-0

[Event "CAN-ch U18"]
[Site "Vancouver"]
[Date "2012.07.04"]
[Round "3"]
[White "Zheng, Timothy"]
[Black "Lee, Melissa"]
[Result "0-1"]
[WhiteElo "1431"]
[BlackElo "1586"]
[PlyCount "106"]
[EventDate "2012.07.03"]
[EventType "tourn"]
[EventRounds "7"]
[EventCountry "CAN"]
[SourceTitle "EXT 2022"]
[Source "ChessBase"]
[SourceDate "2021.10.06"]
[SourceVersion "1"]
[SourceVersionDate "2021.10.06"]
[SourceQuality "1"]

1. d4 Nf6 2. Nc3 g6 3. e3 Bg7 4. g3 d6 5. h3 0-0 6. Bc4 Nbd7 7. Nf3 c5 8. Bd2 a6 9. Bd3 b5 10. b3 Bb7 11. e4 b4 12. d5 bxc3 13. Bxc3 Qc7 14. Ng5 Ne5 15. f4 Nxd3+ 16. Qxd3 h6 17. Nf3 e6 18. 0-0-0 exd5 19. exd5 Rac8 20. Bxf6 Bxf6 21. h4 c4 22. bxc4 Qxc4 23. Qxc4 Rxc4 24. h5 Kg7 25. Nh4 Bxh4 26. Rxh4 Rc5 27. f5 Rxd5 28. Rxd5 Bxd5 29. fxg6 fxg6 30. hxg6 Kxg6 31. Rg4+ Kh7 32. Ra4 Bb7 33. Rc4 Rg8 34. Rc7+ Rg7 35. Rxg7+ Kxg7 36. Kd2 Bf3 37. Ke3 Bg4 38. Kd4 Kf6 39. c4 h5 40. Ke3 Ke6 41. Kd4 Kd7 42. c5 Kc6 43. cxd6 Kxd6 44. Kc3 Kd5 45. Kd3 Bd7 46. a3 Bf5+ 47. Kc3 Ke4 48. Kb4 Bg4 49. Ka5 Be2 50. Kb4 Bg4 51. Ka5 Be2 52. Kb4 Kf3 53. a4 Kxg3 0-1